[Event "8th Arber Open"]
[Site "chess24.com"]
[Date "2019.08.03"]
[Round "8"]
[White "Delchev, Aleksander"]
[Black "Rotstein, Arkadij"]
[Result "1-0"]
[Board "2"]
[WhiteElo "2571"]
[WhiteTitle "GM"]
[WhiteCountry "BUL"]
[WhiteFideId "2900394"]
[WhiteEloChange "4"]
[BlackElo "2471"]
[BlackTitle "GM"]
[BlackCountry "GER"]
[BlackFideId "4662997"]
[BlackEloChange "-4"]

1. d4 {[%clk 1:28:43]} g6 {[%clk 1:30:39]} 2. e4 {[%clk 1:29:09]} Bg7 {[%clk
1:31:01]} 3. Nf3 {[%clk 1:29:36]} d6 {[%clk 1:31:14]} 4. Bd3 {[%clk 1:30:00]} Nd7
{[%clk 1:31:04]} 5. O-O {[%clk 1:30:17]} e5 {[%clk 1:31:13]} 6. c3 {[%clk
1:14:14]} Ne7 {[%clk 1:29:35]} 7. Re1 {[%clk 1:13:55]} O-O {[%clk 1:29:46]} 8.
Nbd2 {[%clk 1:13:44]} b6 {[%clk 1:23:23]} 9. a4 {[%clk 1:13:41]} a5 {[%clk
1:19:48]} 10. Bb5 {[%clk 1:02:38]} Bb7 {[%clk 1:06:10]} 11. dxe5 {[%clk 1:01:03]}
Nxe5 {[%clk 1:04:03]} 12. Nxe5 {[%clk 1:01:26]} dxe5 {[%clk 1:02:19]} 13. b3
{[%clk 1:01:01]} Bh6 {[%clk 0:55:01]} 14. Qe2 {[%clk 0:49:48]} Nc8 {[%clk
0:53:09]} 15. Rd1 {[%clk 0:50:13]} Nd6 {[%clk 0:50:52]} 16. Nc4 {[%clk 0:48:08]}
Bxc1 {[%clk 0:51:12]} 17. Raxc1 {[%clk 0:48:27]} Qg5 {[%clk 0:43:29]} 18. Nxd6
{[%clk 0:45:21]} cxd6 {[%clk 0:43:51]} 19. Rc2 {[%clk 0:45:16]} Rad8 {[%clk
0:40:42]} 20. Ba6 {[%clk 0:27:35]} Ba8 {[%clk 0:37:02]} 21. Bc4 {[%clk 0:25:56]}
Kg7 {[%clk 0:34:29]} 22. Rcd2 {[%clk 0:22:59]} Qe7 {[%clk 0:33:19]} 23. Bd5
{[%clk 0:23:07]} Bxd5 {[%clk 0:33:40]} 24. Rxd5 {[%clk 0:23:35]} f5 {[%clk
0:33:24]} 25. exf5 {[%clk 0:20:46]} Rxf5 {[%clk 0:33:34]} 26. Qe3 {[%clk
0:21:05]} Qc7 {[%clk 0:28:18]} 27. f3 {[%clk 0:19:29]} Rf6 {[%clk 0:27:37]} 28.
c4 {[%clk 0:19:11]} Re8 {[%clk 0:25:06]} 29. Rb5 {[%clk 0:19:02]} Rb8 {[%clk
0:25:07]} 30. Qd3 {[%clk 0:17:28]} Re8 {[%clk 0:23:59]} 31. Re1 {[%clk 0:17:42]}
Ref8 {[%clk 0:20:06]} 32. Rd5 {[%clk 0:16:22]} Re8 {[%clk 0:18:47]} 33. Re4
{[%clk 0:16:36]} Re7 {[%clk 0:17:45]} 34. Qe3 {[%clk 0:15:12]} Re8 {[%clk
0:17:07]} 35. Rb5 {[%clk 0:15:21]} Rb8 {[%clk 0:17:29]} 36. Kf1 {[%clk 0:15:40]}
Rb7 {[%clk 0:17:00]} 37. Ke2 {[%clk 0:16:06]} Rf7 {[%clk 0:13:13]} 38. Kd2 {[%clk
0:15:24]} Qd8 {[%clk 0:12:32]} 39. Rd5 {[%clk 0:14:10]} Qc7 {[%clk 0:11:39]} 40.
h4 {[%clk 0:10:19]} Rf6 {[%clk 0:08:47]} 41. Rb5 {[%clk 0:09:10]} Qc6 {[%clk
0:06:48]} 42. Kc2 {[%clk 0:09:01]} Qc7 {[%clk 0:06:11]} 43. Kb2 {[%clk 0:09:22]}
Qc6 {[%clk 0:06:07]} 44. Ka3 {[%clk 0:06:36]} Qc7 {[%clk 0:06:13]} 45. Rd5 {[%clk
0:04:10]} Qc6 {[%clk 0:04:51]} 46. Qd3 {[%clk 0:04:17]} Rbf7 {[%clk 0:04:16]} 47.
Ka2 {[%clk 0:04:40]} h5 {[%clk 0:02:00]} 48. Re2 {[%clk 0:01:18]} Re6 {[%clk
0:01:45]} 49. Qe3 {[%clk 0:00:34]} Ref6 {[%clk 0:30:14]} 50. Qd2 {[%clk 0:26:08]}
Qc7 {[%clk 0:28:05]} 51. Re4 {[%clk 0:20:41]} Qc6 {[%clk 0:27:54]} 52. Qe3 {[%clk
0:20:42]} Kh7 {[%clk 0:21:42]} 53. Rb5 {[%clk 0:21:02]} Rb7 {[%clk 0:22:00]} 54.
Ka3 {[%clk 0:18:49]} Kg7 {[%clk 0:21:21]} 55. g3 {[%clk 0:16:49]} Qc8 {[%clk
0:14:16]} 56. f4 {[%clk 0:15:10]} exf4 {[%clk 0:12:00]} 57. gxf4 {[%clk 0:14:48]}
Qg4 {[%clk 0:12:03]} 58. f5 {[%clk 0:12:53]} Qd1 {[%clk 0:11:55]} 59. Qc3 {[%clk
0:13:18]} Rf7 {[%clk 0:09:56]} 60. Re1 {[%clk 0:09:52]} Qg4 {[%clk 0:08:18]} 61.
fxg6 {[%clk 0:10:14]} Rf8 {[%clk 0:08:12]} 62. Re7+ {[%clk 0:09:48]} 1-0

[Event "8th Arber Open"]
[Site "chess24.com"]
[Date "2019.08.03"]
[Round "8"]
[White "Senner, Peter"]
[Black "Kottmair, Toni"]
[Result "0-1"]
[Board "9"]
[WhiteElo "2231"]
[WhiteCountry "GER"]
[WhiteFideId "4608283"]
[WhiteEloChange "-14"]
[BlackElo "2086"]
[BlackCountry "GER"]
[BlackFideId "4630033"]
[BlackEloChange "14"]

1. e4 {[%clk 1:30:57]} e5 {[%clk 1:30:57]} 2. f4 {[%clk 1:31:18]} exf4 {[%clk
1:31:22]} 3. Bc4 {[%clk 1:31:42]} d5 {[%clk 1:22:34]} 4. exd5 {[%clk 1:30:22]}
Nf6 {[%clk 1:17:48]} 5. Nf3 {[%clk 1:30:17]} Nxd5 {[%clk 1:15:26]} 6. O-O {[%clk
1:29:45]} Be7 {[%clk 1:15:21]} 7. Nc3 {[%clk 1:28:39]} c6 {[%clk 1:10:38]} 8.
Nxd5 {[%clk 1:19:17]} cxd5 {[%clk 1:11:02]} 9. Bb5+ {[%clk 1:19:29]} Nc6 {[%clk
1:07:01]} 10. d4 {[%clk 1:19:33]} O-O {[%clk 1:05:17]} 11. Bxf4 {[%clk 1:18:45]}
Qb6 {[%clk 0:57:31]} 12. Ba4 {[%clk 0:57:01]} Bf5 {[%clk 0:44:56]} 13. Bb3 {[%clk
0:56:25]} Rad8 {[%clk 0:43:25]} 14. c3 {[%clk 0:56:01]} Na5 {[%clk 0:29:38]} 15.
Bc2 {[%clk 0:55:18]} Bxc2 {[%clk 0:23:17]} 16. Qxc2 {[%clk 0:55:46]} Rfe8 {[%clk
0:18:26]} 17. b3 {[%clk 0:52:53]} Bf6 {[%clk 0:14:43]} 18. Rae1 {[%clk 0:51:30]}
Nc6 {[%clk 0:11:17]} 19. Bg5 {[%clk 0:50:12]} Rxe1 {[%clk 0:08:23]} 20. Rxe1
{[%clk 0:50:35]} Ne7 {[%clk 0:04:32]} 21. Rxe7 {[%clk 0:49:13]} Bxe7 {[%clk
0:05:01]} 22. Bxe7 {[%clk 0:49:34]} Re8 {[%clk 0:05:27]} 23. Qf5 {[%clk 0:38:43]}
Qg6 {[%clk 0:04:15]} 24. Qxg6 {[%clk 0:38:59]} hxg6 {[%clk 0:04:37]} 25. Bg5
{[%clk 0:39:24]} f6 {[%clk 0:04:35]} 26. Bd2 {[%clk 0:39:41]} b5 {[%clk 0:04:17]}
27. Kf2 {[%clk 0:39:47]} Re6 {[%clk 0:04:37]} 28. Ne1 {[%clk 0:40:03]} Ra6 {[%clk
0:04:46]} 29. Nd3 {[%clk 0:40:12]} Rxa2 {[%clk 0:04:55]} 30. Ke3 {[%clk 0:40:34]}
a5 {[%clk 0:05:11]} 31. Nf4 {[%clk 0:39:45]} Rb2 {[%clk 0:05:08]} 32. Nxd5 {[%clk
0:39:37]} Rxb3 {[%clk 0:05:25]} 33. Kd3 {[%clk 0:37:59]} Rb2 {[%clk 0:04:14]} 34.
Ne3 {[%clk 0:38:04]} Kf7 {[%clk 0:03:06]} 35. c4 {[%clk 0:27:01]} b4 {[%clk
0:01:58]} 36. c5 {[%clk 0:27:21]} a4 {[%clk 0:01:37]} 37. Nc4 {[%clk 0:25:30]} a3
{[%clk 0:01:49]} 38. c6 {[%clk 0:16:13]} a2 {[%clk 0:01:52]} 39. c7 {[%clk
0:16:29]} a1Q {[%clk 0:02:14]} 40. c8Q {[%clk 0:14:45]} Qb1+ {[%clk 0:01:53]} 41.
Ke2 {[%clk 0:14:45]} Qe4+ 42. Kf2 {[%clk 0:28:43]} Qxd4+ {[%clk 0:27:46]} 43. Ke2
{[%clk 0:29:00]} Rb3 {[%clk 0:19:50]} 44. Qc7+ {[%clk 0:09:48]} Kg8 {[%clk
0:19:07]} 45. Be3 {[%clk 0:08:48]} Qd3+ {[%clk 0:15:02]} 46. Kf2 {[%clk 0:06:32]}
g5 {[%clk 0:08:21]} 47. Qc8+ {[%clk 0:06:00]} Kf7 {[%clk 0:08:15]} 48. g4 {[%clk
0:05:42]} Rc3 {[%clk 0:08:18]} 49. Qc7+ {[%clk 0:02:08]} Kg8 {[%clk 0:08:26]} 50.
Qc8+ {[%clk 0:01:51]} Kh7 {[%clk 0:08:43]} 51. Qe6 {[%clk 0:02:07]} Qc2+ {[%clk
0:07:42]} 52. Nd2 {[%clk 0:02:07]} b3 {[%clk 0:07:42]} 53. Qe8 {[%clk 0:03:04]}
Rc8 {[%clk 0:07:11]} 54. Qe6 {[%clk 0:01:54]} Rd8 {[%clk 0:07:08]} 55. Ke2 {[%clk
0:01:47]} b2 {[%clk 0:06:59]} 56. Qb6 {[%clk 0:00:48]} Rxd2+ {[%clk 0:07:14]} 0-1

[Event "8th Arber Open"]
[Site "chess24.com"]
[Date "2019.08.03"]
[Round "8"]
[White "Beck, Gerald"]
[Black "Brandsma, Romayn"]
[Result "1/2-1/2"]
[Board "14"]
[WhiteElo "1947"]
[WhiteCountry "GER"]
[WhiteFideId "12970263"]
[BlackElo "1957"]
[BlackCountry "NED"]
[BlackFideId "1054139"]

1. c4 {[%clk 1:29:24]} e5 {[%clk 1:30:56]} 2. g3 {[%clk 1:29:42]} c6 {[%clk
1:31:17]} 3. d4 {[%clk 1:24:25]} e4 {[%clk 1:30:47]} 4. Bg2 {[%clk 1:21:54]} Nf6
{[%clk 1:29:26]} 5. Bg5 {[%clk 1:19:32]} d5 {[%clk 1:27:01]} 6. e3 {[%clk
1:07:44]} h6 {[%clk 1:25:06]} 7. Bxf6 {[%clk 1:06:41]} Qxf6 {[%clk 1:25:34]} 8.
cxd5 {[%clk 0:58:22]} cxd5 {[%clk 1:25:04]} 9. Nc3 {[%clk 0:54:19]} Bb4 {[%clk
1:21:13]} 10. Ne2 {[%clk 0:48:08]} O-O {[%clk 1:15:03]} 11. O-O {[%clk 0:48:10]}
Qd6 {[%clk 1:08:07]} 12. Qb3 {[%clk 0:43:11]} Be6 {[%clk 1:03:53]} 13. Rac1
{[%clk 0:37:41]} Nc6 {[%clk 1:01:06]} 14. Nf4 {[%clk 0:24:43]} Bxc3 {[%clk
0:59:08]} 15. Rxc3 {[%clk 0:23:39]} Na5 {[%clk 0:58:18]} 16. Qc2 {[%clk 0:20:19]}
Rfc8 {[%clk 0:57:31]} 17. Nxe6 {[%clk 0:20:10]} Qxe6 {[%clk 0:57:15]} 18. Rc1
{[%clk 0:20:03]} Rc6 {[%clk 0:56:28]} 19. b4 {[%clk 0:15:28]} Rac8 {[%clk
0:54:43]} 20. Rc5 {[%clk 0:10:27]} b6 {[%clk 0:54:15]} 21. Rxc6 {[%clk 0:10:32]}
Rxc6 {[%clk 0:54:25]} 22. Qb1 {[%clk 0:10:14]} Rxc1+ {[%clk 0:54:28]} 23. Qxc1
{[%clk 0:10:36]} Nc4 {[%clk 0:54:24]} 24. b5 {[%clk 0:10:24]} Qe8 {[%clk
0:52:24]} 25. a4 {[%clk 0:06:10]} a6 {[%clk 0:50:47]} 26. Qb1 {[%clk 0:05:40]}
axb5 {[%clk 0:50:29]} 27. Qxb5 {[%clk 0:05:28]} Qxb5 {[%clk 0:50:43]} 28. axb5
{[%clk 0:05:56]} f5 {[%clk 0:49:16]} 29. Bf1 {[%clk 0:04:02]} Na3 {[%clk
0:47:57]} 30. Be2 {[%clk 0:04:16]} g5 {[%clk 0:47:24]} 31. h3 {[%clk 0:04:13]}
Kf7 {[%clk 0:47:30]} 32. Kf1 {[%clk 0:03:30]} f4 {[%clk 0:47:15]} 33. gxf4 {[%clk
0:02:22]} gxf4 {[%clk 0:47:27]} 34. Ke1 {[%clk 0:02:35]} f3 {[%clk 0:47:28]} 35.
Bf1 {[%clk 0:02:58]} Kg6 {[%clk 0:41:56]} 36. Kd2 {[%clk 0:02:26]} Kh5 {[%clk
0:40:41]} 37. Kc1 {[%clk 0:02:20]} Kh4 {[%clk 0:40:11]} 38. Kb2 {[%clk 0:02:01]}
Nxb5 {[%clk 0:40:40]} 39. Bxb5 {[%clk 0:01:15]} Kxh3 {[%clk 0:41:07]} 40. Bc6
{[%clk 0:01:11]} Kg2 {[%clk 0:41:17]} 41. Bxd5 {[%clk 0:25:49]} Kxf2 {[%clk
1:12:02]} 42. Bxe4 {[%clk 0:18:08]} Kxe3 {[%clk 1:12:20]} 43. Bxf3 {[%clk
0:18:21]} Kxd4 {[%clk 1:12:42]} 44. Kb3 {[%clk 0:18:35]} 1/2-1/2

[Event "8th Arber Open"]
[Site "chess24.com"]
[Date "2019.08.03"]
[Round "8"]
[White "Danninger, Jannik"]
[Black "Gruettner, Ralf"]
[Result "1-0"]
[Board "16"]
[WhiteElo "1842"]
[WhiteCountry "GER"]
[WhiteFideId "16226402"]
[WhiteEloChange "17"]
[BlackElo "2118"]
[BlackCountry "GER"]
[BlackFideId "4638158"]
[BlackEloChange "-17"]

1. e4 {[%clk 1:30:58]} Nf6 {[%clk 1:30:58]} 2. Nc3 {[%clk 1:29:25]} e5 {[%clk
1:31:24]} 3. Nf3 {[%clk 1:29:37]} Nc6 {[%clk 1:31:50]} 4. d4 {[%clk 1:29:58]}
exd4 {[%clk 1:31:54]} 5. Nxd4 {[%clk 1:30:22]} Bb4 {[%clk 1:28:11]} 6. Nxc6
{[%clk 1:30:43]} bxc6 {[%clk 1:27:43]} 7. Bd3 {[%clk 1:31:08]} O-O {[%clk
1:27:00]} 8. O-O {[%clk 1:31:31]} d5 {[%clk 1:26:35]} 9. exd5 {[%clk 1:31:52]}
cxd5 {[%clk 1:26:48]} 10. Bg5 {[%clk 1:31:15]} c6 {[%clk 1:25:41]} 11. Qf3 {[%clk
1:29:41]} Be7 {[%clk 1:25:21]} 12. h3 {[%clk 1:28:17]} Be6 {[%clk 1:22:40]} 13.
Ne2 {[%clk 1:26:40]} Nd7 {[%clk 1:18:24]} 14. Qh5 {[%clk 1:21:41]} g6 {[%clk
1:14:43]} 15. Bxe7 {[%clk 1:16:13]} Qxe7 {[%clk 1:15:12]} 16. Qh6 {[%clk
1:15:25]} Rab8 {[%clk 0:59:10]} 17. b3 {[%clk 1:13:37]} c5 {[%clk 0:57:06]} 18.
c3 {[%clk 1:10:06]} Qf6 {[%clk 0:54:18]} 19. Nf4 {[%clk 1:05:16]} Qxc3 {[%clk
0:35:06]} 20. Bxg6 {[%clk 1:05:08]} hxg6 {[%clk 0:34:29]} 21. Nxe6 {[%clk
1:04:24]} fxe6 {[%clk 0:30:54]} 22. Qxg6+ {[%clk 1:04:44]} Qg7 {[%clk 0:30:48]}
23. Qxe6+ {[%clk 1:05:06]} Qf7 {[%clk 0:30:09]} 24. Qg4+ {[%clk 1:04:58]} Kh8
{[%clk 0:28:42]} 25. Rad1 {[%clk 1:01:57]} Rb4 {[%clk 0:24:07]} 26. Qg5 {[%clk
1:00:28]} d4 {[%clk 0:17:40]} 27. Rd3 {[%clk 0:55:28]} Rb6 {[%clk 0:18:00]} 28.
Rg3 {[%clk 0:53:45]} Rc6 {[%clk 0:05:34]} 29. Rg4 {[%clk 0:53:06]} Nf6 {[%clk
0:05:48]} 30. Rg3 {[%clk 0:51:31]} 1-0

[Event "8th Arber Open"]
[Site "chess24.com"]
[Date "2019.08.03"]
[Round "8"]
[White "Vennemann, Juergen"]
[Black "Schmid, Wolfgang"]
[Result "1/2-1/2"]
[Board "20"]
[WhiteElo "1925"]
[WhiteCountry "GER"]
[WhiteFideId "24646938"]
[WhiteEloChange "6"]
[BlackElo "2162"]
[BlackTitle "FM"]
[BlackCountry "GER"]
[BlackFideId "4608046"]
[BlackEloChange "-6"]

1. d4 {[%clk 1:30:51]} Nf6 {[%clk 1:30:35]} 2. c4 {[%clk 1:30:59]} e5 {[%clk
1:30:06]} 3. dxe5 {[%clk 1:31:01]} Ne4 {[%clk 1:30:08]} 4. e3 {[%clk 1:23:13]}
Bb4+ {[%clk 1:24:35]} 5. Nd2 {[%clk 1:16:45]} Nc6 {[%clk 1:21:34]} 6. Nf3 {[%clk
1:14:48]} Qe7 {[%clk 1:18:46]} 7. a3 {[%clk 1:12:33]} Bxd2+ {[%clk 1:11:18]} 8.
Nxd2 {[%clk 1:11:07]} Nxd2 {[%clk 1:11:11]} 9. Bxd2 {[%clk 1:11:09]} Nxe5 {[%clk
1:11:04]} 10. Be2 {[%clk 1:09:26]} O-O {[%clk 1:04:58]} 11. O-O {[%clk 1:06:13]}
d6 {[%clk 1:05:18]} 12. f4 {[%clk 1:01:05]} Nd7 {[%clk 1:02:49]} 13. Bd3 {[%clk
0:34:15]} f5 {[%clk 0:49:19]} 14. Rf3 {[%clk 0:29:57]} Nc5 {[%clk 0:47:23]} 15.
Bc2 {[%clk 0:29:46]} Rf6 {[%clk 0:33:42]} 16. Bc3 {[%clk 0:26:32]} Rg6 {[%clk
0:32:01]} 17. Qd4 {[%clk 0:17:27]} Bd7 {[%clk 0:21:57]} 18. b4 {[%clk 0:16:54]}
Ne4 {[%clk 0:20:26]} 19. Bxe4 {[%clk 0:15:32]} Qxe4 {[%clk 0:19:37]} 20. Qxe4
{[%clk 0:14:06]} fxe4 {[%clk 0:20:05]} 21. Rf2 {[%clk 0:13:43]} Bf5 {[%clk
0:15:06]} 22. Rd1 {[%clk 0:13:49]} 1/2-1/2

[Event "8th Arber Open"]
[Site "chess24.com"]
[Date "2019.08.03"]
[Round "8"]
[White "Dosch, Markus"]
[Black "Van der Meiden, Dirk"]
[Result "0-1"]
[Board "27"]
[WhiteElo "1787"]
[WhiteTeam "SK Buchen"]
[WhiteCountry "GER"]
[WhiteFideId "24698717"]
[WhiteEloChange "-5"]
[BlackElo "1992"]
[BlackTeam "HOLLAND"]
[BlackCountry "NED"]
[BlackFideId "1012061"]
[BlackEloChange "5"]

1. d4 {[%clk 1:30:30]} Nf6 {[%clk 1:30:30]} 2. c4 {[%clk 1:30:30]} e6 {[%clk
1:30:30]} 3. Nc3 {[%clk 1:30:30]} Bb4 {[%clk 1:30:30]} 4. Qc2 {[%clk 1:30:30]} b6
{[%clk 1:30:30]} 5. e4 {[%clk 1:30:30]} Bb7 {[%clk 1:30:30]} 6. Bd3 {[%clk
1:30:30]} O-O {[%clk 1:30:30]} 7. Nf3 {[%clk 1:30:30]} Bxc3+ {[%clk 1:30:30]} 8.
bxc3 {[%clk 1:30:30]} h6 {[%clk 1:30:30]} 9. g4 {[%clk 1:30:30]} Nxg4 {[%clk
1:30:30]} 10. h3 {[%clk 1:30:30]} Nf6 {[%clk 1:30:30]} 11. Rg1 {[%clk 1:30:30]}
Kh8 {[%clk 1:30:30]} 12. Bxh6 {[%clk 1:30:30]} gxh6 {[%clk 1:30:30]} 13. Qd2
{[%clk 1:30:30]} Nh7 {[%clk 1:30:30]} 14. Qxh6 {[%clk 1:30:30]} Qf6 {[%clk
1:30:30]} 15. Qh5 {[%clk 1:30:30]} Rg8 {[%clk 1:30:30]} 16. e5 {[%clk 1:30:30]}
Rxg1+ {[%clk 1:30:30]} 17. Kd2 {[%clk 1:30:30]} Qf4+ {[%clk 1:30:30]} 18. Kc2
{[%clk 1:30:30]} Rg7 {[%clk 1:30:30]} 19. Rg1 {[%clk 1:30:30]} Bxf3 {[%clk
1:30:30]} 20. Rg4 {[%clk 1:30:30]} Bxg4 {[%clk 1:30:30]} 21. hxg4 {[%clk
1:30:30]} Qxg4 {[%clk 1:30:30]} 0-1

[Event "8th Arber Open"]
[Site "chess24.com"]
[Date "2019.08.03"]
[Round "8"]
[White "Fauth, Dietmar, Dr."]
[Black "Schmitz, Tim"]
[Result "1/2-1/2"]
[Board "28"]
[WhiteElo "2122"]
[WhiteTeam "Muenchener SC"]
[WhiteCountry "GER"]
[WhiteFideId "4629795"]
[WhiteEloChange "-6"]
[BlackElo "1870"]
[BlackTeam "SC Sendling"]
[BlackCountry "GER"]
[BlackFideId "1270221"]
[BlackEloChange "6"]

1. e4 {[%clk 1:30:30]} c5 {[%clk 1:30:30]} 2. d4 {[%clk 1:30:30]} cxd4 {[%clk
1:30:30]} 3. c3 {[%clk 1:30:30]} dxc3 {[%clk 1:30:30]} 4. Nxc3 {[%clk 1:30:30]}
Nc6 {[%clk 1:30:30]} 5. Nf3 {[%clk 1:30:30]} d6 {[%clk 1:30:30]} 6. Bc4 {[%clk
1:30:30]} a6 {[%clk 1:30:30]} 7. O-O {[%clk 1:30:30]} Nf6 {[%clk 1:30:30]} 8. Bf4
{[%clk 1:30:30]} Bg4 {[%clk 1:30:30]} 9. h3 {[%clk 1:30:30]} Bxf3 {[%clk
1:30:30]} 10. Qxf3 {[%clk 1:30:30]} e6 {[%clk 1:30:30]} 11. Rfd1 {[%clk 1:30:30]}
Qb8 {[%clk 1:30:30]} 12. Be2 {[%clk 1:30:30]} Be7 {[%clk 1:30:30]} 13. Qg3 {[%clk
1:30:30]} O-O {[%clk 1:30:30]} 14. Rxd6 {[%clk 1:30:30]} Bxd6 {[%clk 1:30:30]}
15. Bxd6 {[%clk 1:30:30]} Qa7 {[%clk 1:30:30]} 16. Bxf8 {[%clk 1:30:30]} Rxf8
{[%clk 1:30:30]} 17. Rd1 {[%clk 1:30:30]} Qb8 {[%clk 1:30:30]} 18. Qe3 {[%clk
1:30:30]} Rd8 {[%clk 1:30:30]} 19. Qb6 {[%clk 1:30:30]} Rxd1+ {[%clk 1:30:30]}
20. Bxd1 {[%clk 1:30:30]} Nd7 {[%clk 1:30:30]} 21. Qb3 {[%clk 1:30:30]} Nc5
{[%clk 1:30:30]} 22. Qc4 {[%clk 1:30:30]} Qe5 {[%clk 1:30:30]} 23. b4 {[%clk
1:30:30]} Nd7 {[%clk 1:30:30]} 24. Qd3 {[%clk 1:30:30]} Qd4 {[%clk 1:30:30]} 25.
Qxd4 {[%clk 1:30:30]} Nxd4 {[%clk 1:30:30]} 26. Ne2 {[%clk 1:30:30]} Nc6 {[%clk
1:30:30]} 27. a3 {[%clk 1:30:30]} Nb6 {[%clk 1:30:30]} 28. Bb3 {[%clk 1:30:30]}
Kf8 {[%clk 1:30:30]} 29. f4 {[%clk 1:30:30]} e5 {[%clk 1:30:30]} 30. g3 {[%clk
1:30:30]} Ke7 {[%clk 1:30:30]} 31. Kf2 {[%clk 1:30:30]} f6 {[%clk 1:30:30]} 32.
Ke3 {[%clk 1:30:30]} Kd6 {[%clk 1:30:30]} 33. h4 {[%clk 1:30:30]} Na8 {[%clk
1:30:30]} 34. Kd3 {[%clk 1:30:30]} Nc7 {[%clk 1:30:30]} 35. Nc3 {[%clk 1:30:30]}
Nd4 {[%clk 1:30:30]} 36. Bg8 {[%clk 1:30:30]} h6 {[%clk 1:30:30]} 37. Bc4 {[%clk
1:30:30]} Nce6 {[%clk 1:30:30]} 38. Nd5 {[%clk 1:30:30]} Nd8 {[%clk 1:30:30]} 39.
h5 {[%clk 1:30:30]} N8c6 {[%clk 1:30:30]} 40. Ne3 {[%clk 1:30:30]} a5 {[%clk
1:30:30]} 41. bxa5 {[%clk 1:30:30]} Nxa5 {[%clk 1:30:30]} 42. Bd5 {[%clk
1:30:30]} Kc5 {[%clk 1:30:30]} 43. Bf7 {[%clk 1:30:30]} Nac6 {[%clk 1:30:30]} 44.
Be8 {[%clk 1:30:30]} b5 {[%clk 1:30:30]} 45. Ng4 {[%clk 1:30:30]} b4 {[%clk
1:30:30]} 46. Bxc6 {[%clk 1:30:30]} Nxc6 {[%clk 1:30:30]} 47. axb4+ {[%clk
1:30:30]} Nxb4+ {[%clk 1:30:30]} 48. Kc3 {[%clk 1:30:30]} Nc6 {[%clk 1:30:30]}
49. fxe5 {[%clk 1:30:30]} fxe5 {[%clk 1:30:30]} 50. Ne3 {[%clk 1:30:30]} Nd4
{[%clk 1:30:30]} 51. Kd3 {[%clk 1:30:30]} Kd6 {[%clk 1:30:30]} 52. g4 {[%clk
1:30:30]} Ke6 {[%clk 1:30:30]} 53. Nd5 {[%clk 1:30:30]} Nf3 {[%clk 1:30:30]} 54.
Ke2 {[%clk 1:30:30]} Nd4+ {[%clk 1:30:30]} 55. Kf2 {[%clk 1:30:30]} Kf7 {[%clk
1:30:30]} 56. Kg3 {[%clk 1:30:30]} Ne6 {[%clk 1:30:30]} 1/2-1/2

[Event "8th Arber Open"]
[Site "chess24.com"]
[Date "2019.08.03"]
[Round "8"]
[White "Huhs, Sven"]
[Black "Bergmann, Reiner"]
[Result "1-0"]
[Board "29"]
[WhiteElo "2027"]
[WhiteTeam "FG Wohlde"]
[WhiteCountry "GER"]
[WhiteFideId "24669130"]
[WhiteEloChange "5"]
[BlackElo "1823"]
[BlackTeam "SC Bayerwald"]
[BlackCountry "GER"]
[BlackFideId "12958514"]
[BlackEloChange "-5"]

1. d4 {[%clk 1:30:30]} Nf6 {[%clk 1:30:30]} 2. Nf3 {[%clk 1:30:30]} g6 {[%clk
1:30:30]} 3. c4 {[%clk 1:30:30]} Bg7 {[%clk 1:30:30]} 4. Nc3 {[%clk 1:30:30]} O-O
{[%clk 1:30:30]} 5. g3 {[%clk 1:30:30]} d5 {[%clk 1:30:30]} 6. cxd5 {[%clk
1:30:30]} Nxd5 {[%clk 1:30:30]} 7. Bg2 {[%clk 1:30:30]} c5 {[%clk 1:30:30]} 8. e4
{[%clk 1:30:30]} Nxc3 {[%clk 1:30:30]} 9. bxc3 {[%clk 1:30:30]} Nc6 {[%clk
1:30:30]} 10. d5 {[%clk 1:30:30]} Bxc3+ {[%clk 1:30:30]} 11. Bd2 {[%clk 1:30:30]}
Bxa1 {[%clk 1:30:30]} 12. Qxa1 {[%clk 1:30:30]} Nb4 {[%clk 1:30:30]} 13. O-O
{[%clk 1:30:30]} f6 {[%clk 1:30:30]} 14. a3 {[%clk 1:30:30]} Nxd5 {[%clk
1:30:30]} 15. exd5 {[%clk 1:30:30]} Qxd5 {[%clk 1:30:30]} 16. Be3 {[%clk
1:30:30]} Qh5 {[%clk 1:30:30]} 17. Rc1 {[%clk 1:30:30]} b6 {[%clk 1:30:30]} 18.
Qa2+ {[%clk 1:30:30]} Kh8 {[%clk 1:30:30]} 19. Ng5 {[%clk 1:30:30]} Rb8 {[%clk
1:30:30]} 20. Ne6 {[%clk 1:30:30]} Bxe6 {[%clk 1:30:30]} 21. Qxe6 {[%clk
1:30:30]} Qe5 {[%clk 1:30:30]} 22. Qxe5 {[%clk 1:30:30]} fxe5 {[%clk 1:30:30]}
23. Bg5 {[%clk 1:30:30]} e6 {[%clk 1:30:30]} 24. Bh3 {[%clk 1:30:30]} Kg7 {[%clk
1:30:30]} 25. Rd1 {[%clk 1:30:30]} h6 {[%clk 1:30:30]} 26. Rd7+ {[%clk 1:30:30]}
Rf7 {[%clk 1:30:30]} 27. Bxh6+ {[%clk 1:30:30]} Kf6 {[%clk 1:30:30]} 28. Bg5+
{[%clk 1:30:30]} Kg7 {[%clk 1:30:30]} 29. Rd6 {[%clk 1:30:30]} Rbf8 {[%clk
1:30:30]} 30. Bxe6 {[%clk 1:30:30]} Rxf2 {[%clk 1:30:30]} 31. Rd7+ {[%clk
1:30:30]} Kh8 {[%clk 1:30:30]} 32. Bh6 {[%clk 1:30:30]} Rf1+ {[%clk 1:30:30]} 33.
Kg2 {[%clk 1:30:30]} R8f2+ {[%clk 1:30:30]} 34. Kh3 {[%clk 1:30:30]} Rh1 {[%clk
1:30:30]} 35. Bg7+ {[%clk 1:30:30]} Kh7 {[%clk 1:30:30]} 36. Bf6+ {[%clk
1:30:30]} Kh6 {[%clk 1:30:30]} 37. Bxe5 {[%clk 1:30:30]} Rhxh2+ {[%clk 1:30:30]}
38. Kg4 {[%clk 1:30:30]} g5 {[%clk 1:30:30]} 39. Bf5 {[%clk 1:30:30]} Rxf5 {[%clk
1:30:30]} 40. Kxf5 {[%clk 1:30:30]} Rf2+ {[%clk 1:30:30]} 41. Kg4 {[%clk
1:30:30]} Re2 {[%clk 1:30:30]} 42. Bg7+ {[%clk 1:30:30]} Kg6 {[%clk 1:30:30]} 43.
Rxa7 {[%clk 1:30:30]} b5 {[%clk 1:30:30]} 44. Bf8 {[%clk 1:30:30]} Re4+ {[%clk
1:30:30]} 45. Kf3 {[%clk 1:30:30]} Rc4 {[%clk 1:30:30]} 46. Bd6 {[%clk 1:30:30]}
Kf5 {[%clk 1:30:30]} 47. Ra5 {[%clk 1:30:30]} g4+ {[%clk 1:30:30]} 48. Ke3 {[%clk
1:30:30]} Rc3+ {[%clk 1:30:30]} 49. Kd2 {[%clk 1:30:30]} Rb3 {[%clk 1:30:30]} 50.
Kc2 {[%clk 1:30:30]} c4 {[%clk 1:30:30]} 51. a4 {[%clk 1:30:30]} Ke4 {[%clk
1:30:30]} 52. Bf4 {[%clk 1:30:30]} b4 {[%clk 1:30:30]} 53. Re5+ {[%clk 1:30:30]}
1-0